Khảo sát khả năng ức chế enzyme tyrosinase in vitro từ cao chiết ba loại cây: cây tía tô (perilla frutescens (L.) Britt.), cây ngải cứu (artemisia vulgaris L.) và cây diếp cá (houttuynia cordata Thunb.) : Báo cáo tổng kết đề tài Khoa học của sinh viên
Khảo sát khả năng ức chế enzyme tyrosinase in vitro từ cao chiết ba loại cây: tía tô, ngải cứu, diếp cá.
Bewaard in:
| Hoofdauteur: | |
|---|---|
| Formaat: | Boek |
| Taal: | Undetermined |
| Gepubliceerd in: |
Cần Thơ
Trường Đại học Cần Thơ
2016
|
| Onderwerpen: | |
| Tags: |
Voeg label toe
Geen labels, Wees de eerste die dit record labelt!
|
| Thư viện lưu trữ: | Trung tâm Học liệu Trường Đại học Cần Thơ |
|---|
| LEADER | 01260nam a2200217Ia 4500 | ||
|---|---|---|---|
| 001 | CTU_223285 | ||
| 008 | 210402s9999 xx 000 0 und d | ||
| 082 | |a 615.321 | ||
| 082 | |b L123 | ||
| 088 | |a TSV2016-22 | ||
| 100 | |a Nguyễn, Thành Lập | ||
| 245 | 0 | |a Khảo sát khả năng ức chế enzyme tyrosinase in vitro từ cao chiết ba loại cây: cây tía tô (perilla frutescens (L.) Britt.), cây ngải cứu (artemisia vulgaris L.) và cây diếp cá (houttuynia cordata Thunb.) : | |
| 245 | 0 | |b Báo cáo tổng kết đề tài Khoa học của sinh viên | |
| 245 | 0 | |c Nguyễn Thành Lập (Chủ nhiệm đề tài) ; Nguyễn Trọng Tuân (Cán bộ hướng dẫn) ; Hồ Ngọc Hân, Nguyễn Thị Kiều Trinh (Thành viên tham gia) | |
| 260 | |a Cần Thơ | ||
| 260 | |b Trường Đại học Cần Thơ | ||
| 260 | |c 2016 | ||
| 520 | |a Khảo sát khả năng ức chế enzyme tyrosinase in vitro từ cao chiết ba loại cây: tía tô, ngải cứu, diếp cá. | ||
| 650 | |a Cây dược liệu,Medicinal plants | ||
| 904 | |i Trần Thị Kim Ngân,Hải | ||
| 980 | |a Trung tâm Học liệu Trường Đại học Cần Thơ | ||